On This Day: September 27th Quiz Stats

 Plays Quiz Updated Sep 27, 2017

Challenge
Share
Tweet
Embed
Score 0/7 Timer 03:00
0 Plays Today
Question Answer Wrong Answers
The first Ford Model T automobile leaves the Ford Piquette Avenue Plant in ______.
1908
Detroit, Michigan
93.7%
Buffalo, New York
1.8%
Cincinnati, Ohio
1.6%
Pittsburgh, Pennsylvania
2.1%
Jean-François Champollion announces that he has deciphered the ______, though the translation of the Greek text had already been completed in 1803.
1822
Rosetta Stone
88.5%
Narmer's Palette
0.8%
Egyptian Book of the Dead
5.8%
Oxyrhynchus Papyri
4.8%
Rachel Carson's book ‘Silent Spring’ is published, inspiring an environmental movement and the creation of the US Environmental ______ Agency.
1962
Protection
80.5%
Preservation
6.2%
Conservation
10.6%
Stability
0.8%
This rock musical, a product of the hippie counterculture of the late 1960s, opens at the Shaftesbury Theatre in London.
1968
Hair
80.4%
Rent
7.2%
Cats
3.6%
Grease
6.3%
In Afghanistan, members of this fundamentalist political movement capture the capital city of Kabul after driving out President Burhanuddin Rabbani.
1996
Taliban
67.3%
Al-Qaeda
19.7%
Hezbollah
6.3%
Hamas
3.7%
American rapper Dwayne Michael Carter, Jr. is born. Today, he is better known by this stage name.
1982
Lil Wayne
43.1%
Drake
11.6%
Wiz Khalifa
2.4%
Jay Z
40.1%
This defensive military alliance is signed in Berlin by Germany, Japan, and Italy.
1940
Tripartite Pact
37.1%
Triple Entente
23.6%
Warsaw Pact
37.2%
Iberian Pact
1%

You're not logged in!

Compare scores with friends on all Sporcle quizzes.
OR
Log In

You Might Also Like...

Show Comments

Extras

Top Quizzes Today


Score Distribution

Your Account Isn't Verified!

In order to create a playlist on Sporcle, you need to verify the email address you used during registration. Go to your Sporcle Settings to finish the process.

Report this User

Report this user for behavior that violates our Community Guidelines.

Details: